20 najczęściej odgadywanych państw na JetPunk - Statystyki

Ogólne statystyki
  • Ten quiz został rozwiązany 145 razy
  • Średni wynik to 17 z 20
Statystyki odpowiedzi
Miejsce % Poprawnych Państwo % Poprawnych
1. 97% Polska
100%
2. 96% Rosja
99%
3. 95% Niemcy
98%
4. 95% Stany Zjednoczone
98%
8. 93% Hiszpania
96%
16. 91% Wielka Brytania
96%
7. 93% Chiny
94%
5. 94% Francja
93%
11. 92% Kanada
92%
9. 93% Włochy
90%
6. 94% Ukraina
88%
17. 90% Brazylia
85%
10. 92% Czechy
82%
15. 91% Szwecja
81%
19. 90% Słowacja
78%
20. 89% Australia
77%
13. 91% Litwa
76%
18. 90% Norwegia
76%
14. 91% Portugalia
76%
12. 91% Białoruś
73%
Nie znaleziono quizów pasujących do podanych kryteriów
Rozkład punktacji
Procent ludzi z każdym wynikiem
Percentyl według liczby udzielonych odpowiedzi
Twoja historia wyników
Nie rozwiązałeś tego quizu